Statistics for Top 10 quiz creaters by total amount taken

Click here to take the quiz!

General Stats

  • This quiz has been taken 7 times
    (3 since last reset)
  • The average score is 1 of 10

Answer Stats

User% Correct
relessness
67%
Jerry928
33%
scambigol
33%
CBTemple
0%
johnnyaitch
0%
kalbahamut
0%
kiwirage
0%
punkfrancais
0%
Quizzer6794
0%
ThirdParty
0%

Score Distribution

Percentile by Number Answered

Percent of People with Each Score

Your Score History

You have not taken this quiz since the last reset